000 00625nam a2200241Ia 4500
003 OSt
005 20221005083304.0
006 a|||||r|||| 00| 0
007 ta
008 221004b |||||||| |||| 00| 0 eng d
024 _a54117
037 _cTextual
040 _aCRL
_cCRL
_beng
041 _2eng
_aeng
082 _aT0gY:6, M4
100 _aPaliwal M R
_9612463
245 0 _aSocial change and education
_b Present and future
260 _aNew Delhi
_bUppal
_c1984
300 _a357p.
_ccm.
650 _aEDUCATION
942 _hT0gY:6, M4
_cTEXL
_2cc
999 _c990591
_d990591